| 000 | 01147nam a22003377a 4500 | ||
|---|---|---|---|
| 001 | BR7305663 | ||
| 003 | BR-BrBNA | ||
| 005 | 20230928084111.0 | ||
| 007 | ta | ||
| 008 | 230509b bl.||||| |||| 00| 0 por d | ||
| 040 |
_aBR-BrBNA _bpor _cBiblioteca Nacional de Agricultura |
||
| 041 | _a(Por) | ||
| 072 |
_aF00; F25; F60 _b0170 _b3820 _b3830 _b3730 _b9205 |
||
| 090 | _ 0170 BR7305663 | ||
| 100 | 1 | _aAzeredo, M.W.C. de | |
| 110 | 1 |
_aUniversidade Federal de Vicosa, MG (Brasil) _0Tese (Magister Scientiae) |
|
| 245 | 1 | _aEfeito de epocas de plantio e de niveis de nitrogenio e fosforo, na producao e teor de proteina no grao de sorgo (Sorghum bicolor (L.)Moench) | |
| 260 | 3 |
_aVicosa, MG (Brasil): _c1974. |
|
| 300 | _a63 p. | ||
| 500 | _aBibliography p. 48-54 (58 ref.). (*) Documento disponível na(o) Universidade Federal de Vicosa, MG (Brazil) | ||
| 650 | _aProducao vegetal | ||
| 650 | _aPlantio | ||
| 650 | _aFisiologia vegetal | ||
| 650 | _aSorgo | ||
| 650 | _aFertilizante nitrogenado | ||
| 650 | _aFertilizante fosfatado | ||
| 650 | _aProteina | ||
| 650 | _aGrao | ||
| 909 |
_a202309 _bLucia _c55 _dLucia Elande |
||
| 942 | _cBK | ||
| 999 |
_c16860 _d16860 |
||